When the going gets tough (Record no. 73001)

MARC details
000 -LEADER
fixed length control field 01095cam a2200229 4500
001 - CONTROL NUMBER
control field ABS66755
008 - FIXED-LENGTH DATA ELEMENTS--GENERAL INFORMATION
fixed length control field 030704n2003 000 0 eng u
035 ## - SYSTEM CONTROL NUMBER
System control number (Sirsi) u122943
100 ## - MAIN ENTRY--PERSONAL NAME
Personal name Willcock, R.
245 ## - TITLE STATEMENT
Title When the going gets tough
260 ## - PUBLICATION, DISTRIBUTION, ETC.
Date of publication, distribution, etc. 2003
490 ## - SERIES STATEMENT
Series statement Contract Journal
Volume/sequential designation 419(6432) 25 June 2003, 18-21(3)
520 ## - SUMMARY, ETC.
Summary, etc. Reviews the findings of the "Contract Journal/Grant Thornton construction industry annual survey 2003" aimed at highlighting key issues affecting the construction industry. Retaining/motivating key staff, the present economic climate and increasing the value of the businesses were identified as the three most significant issues affecting the industry. View full details of the survey at www.grant-thornton.co.uk.
590 ## - LOCAL NOTE (RLIN)
Local note ABS
650 ## - SUBJECT ADDED ENTRY--TOPICAL TERM
Topical term or geographic name entry element ECONOMY
650 ## - SUBJECT ADDED ENTRY--TOPICAL TERM
Topical term or geographic name entry element UNCERTAINTY
650 ## - SUBJECT ADDED ENTRY--TOPICAL TERM
Topical term or geographic name entry element CONSTRUCTION INDUSTRY
650 ## - SUBJECT ADDED ENTRY--TOPICAL TERM
Topical term or geographic name entry element CONTRACT JOURNAL/GRANT THORNTON CONSTRUCTION INDUSTRY ANNUAL SURVEY
690 ## - LOCAL SUBJECT ADDED ENTRY--TOPICAL TERM (OCLC, RLIN)
Topical term or geographic name as entry element BUILT ENVIRONMENT
856 ## - ELECTRONIC LOCATION AND ACCESS
Uniform Resource Identifier <a href="https://www.grant-thornton.co.uk">https://www.grant-thornton.co.uk</a>
Public note View the survey on the Grant Thorton website...
942 ## - ADDED ENTRY ELEMENTS (KOHA)
Suppress in OPAC 0
Holdings
Withdrawn status Lost status Source of classification or shelving scheme Damaged status Not for loan Home library Current library Shelving location Date acquired Total Checkouts Full call number Barcode Date last seen Copy number Price effective from Koha item type
    Dewey Decimal Classification     London London Journal article 04/07/2003   ABS66755 122943-1001 06/08/2019 1 06/08/2019 Journal article